MARC

LEADER 00000nam0a2200000 4500
001 286617
005 20231101235917.0
020 |a RU  |b 85-64809 
035 |a (RuTPU)RU\TPU\book\310938 
090 |a 286617 
100 |a 20150306d1985 k y0rusy5003 ca 
101 0 |a rus 
102 |a EE 
105 |a y z 001zy 
200 1 |a Вопросы экономики и перспективы развития добычи горючих сланцев  |f Академия наук СССР (АН СССР), Институт горного дела им. А. А. Скочинского (ИГД) 
210 |a Таллин  |c Валгус  |d 1985 
215 |a 281 с. 
320 |a Библиогр. в конце ст. 
606 |a Сланцы горючие  |x Добыча  |2 stltpush  |3 (RuTPU)RU\TPU\subj\55098  |9 73169 
610 1 |a сланцевая промышленность 
610 1 |a экономика 
610 1 |a добыча 
610 1 |a эффективность 
610 1 |a технико-экономический уровень 
610 1 |a производственные ресурсы 
610 1 |a передовой опыт 
610 1 |a перспективы развития 
675 |a 622.337  |z rus 
712 0 2 |a Академия наук СССР (АН СССР)  |b Институт горного дела им. А. А. Скочинского (ИГД)  |c (Люберцы)  |2 stltpush  |3 (RuTPU)RU\TPU\col\11351 
801 0 |a RU  |b RuMRKP  |c 19950704  |g psbo 
801 1 |a RU  |b 63413507  |c 20150306 
801 2 |a RU  |b 63413507  |c 20171113  |g RCR 
942 |c BK